Co to ja klub po herbie, poziom bardzo łatwy - Statystyki

Ogólne statystyki
  • Ten quiz został rozwiązany 73 razy
  • Średni wynik to 15 z 16
Statystyki odpowiedzi
Obrazkowy Odpowiedź % Poprawnych
Juventus
100%
PSG
100%
Liverpool
96%
Real Madryt
96%
Borussia Dortmund
94%
Inter
94%
Ajax
93%
Manchester City
93%
Bayern
91%
Manchester United
91%
Milan
91%
FC Barcelona
87%
Lech Poznań
85%
Legia Warszawa
85%
Atletico Madryt
83%
Benfica
83%
Nie znaleziono quizów pasujących do podanych kryteriów
Rozkład punktacji
Procent ludzi z każdym wynikiem
Percentyl według liczby udzielonych odpowiedzi
Twoja historia wyników
Nie rozwiązałeś tego quizu